000 01259nam a2200373 i 4500
001 25052
003 KOSZ 005
005 20221121101655.0
008 961010s1995 pl f |000 0 pol d
020 _a8386761148
040 _cKOSZ 005
_aKOSZ 005
_dKOSZ 005/HR
046 _k1995
080 _a519.22
080 _a(075.8+076)
100 1 _aWesołowska Janczarek, Mirosława
_eAutor
245 1 0 _aZbiór zadań ze statystyki matematycznej /
_cMirosława Wesołowska-Janczarek, Henryk Mikos.
250 _a[Wyd. 3].
260 _aLublin :
_bWydawnictwo Akademii Rolniczej,
_c1995.
300 _a160 s. :
_bwykr. ;
_c24 cm.
336 _2rdacontent
_aTekst
_btxt
337 _2rdamedia
_aBez urządzenia pośredniczącego
_bn
338 _2rdacarrier
_aWolumin
_bnc
380 _aKsiążki
388 _a1901-2000
388 _a1989-2000
504 _aBibliogr. s. 157-158.
521 _aDla studentów wydz. ogrodniczych i rolniczych.
650 7 _aStatystyka matematyczna
655 7 _aĆwiczenia i zadania
658 _aMatematyka
700 1 _aMikos, Henryk
_d(1941-1984)
_eAutor
856 _uhttp://koha.tu.koszalin.pl/cgi-bin/koha/opac-detail.pl?biblionumber=25052
_yKatalog online BPK
942 _cKS
_2UKD
999 _c25052
_d25052